000 00383nam a2200145Ia 4500
008 231129s2004||||xx |||||||||||||| ||spa||
020 _a958-04-8175-X
040 _bspa
082 _a(i) 853 D278b
100 _aDe Mari Silvana
245 0 _aLa bestia y la bella
260 _c2004
264 _aBogotá Colombia : Norma
942 _2ddc
_cBKS
999 _c16475
_d16475